000 00949nam a2200301Ia 4500
003 OSt
005 20220912144857.0
006 a|||||r|||| 00| 0
007 ta
008 220909b |||||||| |||| 00| 0 eng d
020 _a0849370736 (hbd)
024 _a116982
037 _b1193, 10/12/2010, Ashutosh Technical Books
037 _cTextbook
040 _aCSL
_beng
_cCSL
041 _aeng
082 _aD65,8(B):(C5:22), Q0 TD
100 _aRuss John C
245 0 _aIntroduction to image processing and analysis
260 _aBoca Raton
_bCRC Pres
_c2010
300 _a355p. Includes CD-Rom
_ccm.
500 _aReferences 337-342p.; Index 343-355p.
650 _a Image processing
650 _aComputer Science
700 _a Russ J Christian
942 _hD65,8(B):(C5:22), Q0 TD
_cTB
_2CC
999 _c17959
_d17959